L'Union Soviétique survivra-t-elle en 1984? / (Record no. 105416)

MARC details
000 -LEADER
campo de control de longitud fija 00918nam a2200265 i 4500
001 - NÚMERO DE CONTROL
campo de control 105416
003 - IDENTIFICADOR DE NÚMERO DE CONTROL
campo de control ES-MaACL
005 - FECHA Y HORA DE LA ÚLTIMA TRANSACCIÓN
campo de control 20250804015548.0
007 - CAMPO FIJO DE DESCRIPCIÓN FÍSICA--INFORMACIÓN GENERAL
campo de control de longitud fija t|
008 - DATOS DE LONGITUD FIJA--INFORMACIÓN GENERAL
campo de control de longitud fija 060707s1970 fr ||||1| fre d
080 ## - NÚMERO DE LA CLASIFICACIÓN DECIMAL UNIVERSAL
Número de la Clasificación Decimal Universal 32(47+57)"1953/85"
080 ## - NÚMERO DE LA CLASIFICACIÓN DECIMAL UNIVERSAL
Número de la Clasificación Decimal Universal 308(47)"1953/85"
100 1# - ENTRADA PRINCIPAL--NOMBRE DE PERSONA
Nombre de persona Amalrik, Andreï.
9 (RLIN) 21103
245 12 - MENCIÓN DEL TÍTULO
Título L'Union Soviétique survivra-t-elle en 1984? /
Mención de responsabilidad, etc. Andreï Amalrik ; traduction de Michel Tatu ; préface de Alain Besançon.
260 ## - PUBLICACIÓN, DISTRIBUCIÓN, ETC.
Lugar de publicación, distribución, etc. [Paris] :
Nombre del editor, distribuidor, etc. Fayard,
Fecha de publicación, distribución, etc. [1970]
300 ## - DESCRIPCIÓN FÍSICA
Extensión 118 p. ;
Dimensiones 22 cm.
490 1# - MENCIÓN DE SERIE
Mención de serie Le monde sans frontières ;
Designación de volumen o secuencia 16
651 #4 - PUNTO DE ACCESO ADICIONAL DE MATERIA--NOMBRE GEOGRÁFICO
Nombre geográfico URSS-
Subdivisión general Historia-
Subdivisión cronológica 1953-1985.
9 (RLIN) 156669
651 #4 - PUNTO DE ACCESO ADICIONAL DE MATERIA--NOMBRE GEOGRÁFICO
Nombre geográfico URSS-
Subdivisión general Política y gobierno-
Subdivisión cronológica 1953-1985.
9 (RLIN) 9482
700 1# - ENTRADA AGREGADA--NOMBRE PERSONAL
Nombre de persona Tatu, Michel.
9 (RLIN) 109397
700 1# - ENTRADA AGREGADA--NOMBRE PERSONAL
Nombre de persona Besançon, Alain
9 (RLIN) 28562
830 1# - PUNTO DE ACCESO ADICIONAL DE SERIE-TÍTULO UNIFORME
Título uniforme Le monde sans frontières ;
Designación de volumen o secuencia 16
9 (RLIN) 232720
852 ## - LOCALIZACIÓN
Ubicación ES-MaACL
Número de control de estantería AND-210
Nota libre - Biblioteca Juan Andrade
Holdings
Estatus retirado Estado de pérdida Estado de daño No para préstamo Biblioteca de origen Biblioteca actual Ubicación en estantería Fecha de adquisición Fuente de adquisición Total de préstamos Signatura topográfica completa Código de barras Visto por última vez Precio de reemplazo Tipo de ítem Koha
        Biblioteca del Ateneo de Madrid Biblioteca del Ateneo de Madrid Depósito 2 17/01/2008     AND-210 1110053 23/02/2023 23/02/2023 Libro impreso